| 000 | 01715nam a2200229Ia 4500 | ||
|---|---|---|---|
| 999 |
_c51813 _d51813 |
||
| 001 | 18808 | ||
| 003 | GE_BSU | ||
| 005 | 20210412165958.0 | ||
| 008 | 181216s2015||||ge |||||||||||||| ||geo|| | ||
| 040 | _cGE_BSU | ||
| 041 | _ageo | ||
| 080 | _a61 ღ-91 | ||
| 100 |
_aღუდუშაური, პაატა _911239 |
||
| 245 |
_aბარძაყის დინამიური სპირალური თვითმჭრელი ჭანჭიკის იმპლანტის როლი ბარძაყის ყელის (პროქსიმალური ნაწილის-ციბრუტებზე გამავალი) მოტეხილობების მკურნალობაში / _cპაატა ღუდუშაური; სამეცნიერო ხელმძღვანელი თ. ნოზაძე; თბილისის სახ-ლო სამედიცინო უნ-ტი |
||
| 264 |
_aთბილისი, _c2015. |
||
| 300 |
_a109 გვ. ; _b30 სმ. |
||
| 653 | _aბარძაყის დინამიური სპირალური თვითმჭრელი ჭანჭიკის იმპლანტის როლი ბარძაყის ყელის (პროქსიმალური ნაწილის-ციბრუტებზე გამავალი) მოტეხილობების მკურნალობაში | ||
| 653 | _aდისერტაცია | ||
| 653 | _aმედიცინა | ||
| 700 |
_aნოზაძე, თ. _eსამეცნიერო ხელმძღვანელი _911240 |
||
| 942 |
_cBK _2udc |
||